50 Famous Men from Italy - Statistics

General Stats
  • This quiz has been taken 528 times
    54 since last reset
  • The average score is 27 of 50
Answer Stats
Hint Answer % Correct
Author of painting Mona Lisa Leonardo da Vinci
91%
Politician and journalist who founded and led the National Fascist Party Benito Mussolini
89%
The first European to reach the Americas in 1492 Christopher Columbus
89%
Astronomer who improved the telescope and studied the Milky Way Galileo Galilei
89%
Sculptor of the famous David statue Michelangelo
89%
Explorer from whose name the term 'America' is derived Amerigo Vespucci
86%
'Father of the Italian Language' and the author of Divine Comedy Dante Alighieri
86%
Media tycoon and Prime Minister of Italy in four governments Silvio Berlusconi
82%
Founder of the Scuderia Grand Prix team Enzo Ferrari
80%
Fashion house founder in 1975 with its headquarters in Milan Giorgio Armani
80%
One of the first European travelers along the famous Silk Road Marco Polo
80%
Composer known for a series of violin concertos The Four Seasons Antonio Vivaldi
77%
Fashion designer who was shot and killed in Miami in 1997 Gianni Versace
77%
One of the most acclaimed and loved tenors of all times Luciano Pavarotti
75%
De facto ruler of the Florentine Republic during Renaissance Lorenzo de' Medici
73%
Famous craftsman of string instruments Antonio Stradivari
70%
Composer of operas La Traviata, Rigoletto and Nabucco Giuseppe Verdi
70%
General who played a critical role during the rise of the Roman Empire Julius Caesar
70%
Painter of Sistine Madonna and Transfiguration Raphael
68%
Creator of the Spaghetti Western genre Sergio Leone
68%
Widely regarded as one of the greatest goalkeepers of all time Gianluigi Buffon
66%
Nine-time Grand Prix motorcycle racing World Champion Valentino Rossi
61%
Opera tenor who became completely blind at age 12 Andrea Bocelli
57%
Influential film director of La Dolce Vita Federico Fellini
57%
Often called the father of modern political philosophy and political science Niccolo Machiavelli
55%
FIFA World Player of the Year in 1993 known as 'The Divine Ponytail' Roberto Baggio
55%
Tennis player who won 4 Grand slam titles as of 2025 Jannik Sinner
52%
FIFA's Best Referee of the Year six consecutive times Pierluigi Collina
52%
Director and star in the holocaust comedy-drama film Life is Beautiful Roberto Benigni
50%
Most successful football manager in the Champions League history Carlo Ancelotti
48%
The composer of operas Madame Butterfly and Turandot Giacomo Puccini
48%
Footballer who played an entire career as a left back for AC Milan Paolo Maldini
48%
Author of The Decameron Giovanni Boccaccio
43%
Composer in most of Sergio Leone's and Giuseppe Tornatore's films Ennio Morricone
39%
Physicist and chemist who was credited as the inventor of the electric battery Alessandro Volta
36%
Author of novel The Name of the Rose Umberto Eco
36%
Actor known for action-comedy and Spaghetti Western roles Bud Spencer
32%
Author of Equestrian Monument of Gattamelata Donatello
32%
Composer of The Barber of Seville Gioacino Rossini
30%
Designer of the dome of the Florence Cathedral Filippo Brunelleschi
27%
Most celebrated violin virtuoso of his time Niccolo Paganini
27%
Creator of the children's novel Adventures of Pinocchio Carlo Collodi
25%
Singer who recorded a duet Cose Delle Vita with Tina Turner Eros Ramazzotti
25%
Burned at the stake by the Inquisition because of his cosmological theories Giordano Bruno
25%
Artist commissioned on the artworks in the Sistine Chapel Sandro Botticelli
25%
Director of Last Tango in Paris and The Last Emperor Bernardo Bertolucci
20%
The world’s most famous adventurer who wrote The Story of My Life Giacomo Casanova
16%
Often credited of the founding of Renaissance humanism Francesco Petrarch
14%
Designated as patron saint of Italy by Pope Gregory IX Saint Francis of Assisi
14%
Widely considered to be the best Italian basketball player ever Dino Meneghin
5%
No matching quizzes found
Score Distribution
Percent of People with Each Score
Percentile by Number Answered
Your Score History
You have not taken this quiz since the last reset